• 首页
  • 本馆介绍
  • 公告通知
  • 最新文献
  • 馆藏检索
  • 电子资源
  • 读者导购
  • 参考咨询
  • 我的图书馆
  • 登录
  • 详细信息显示
  • 放入我的书架
  • 预约/预借图书
  • 作者相关作品
  • 分类相关作品
  • 丛书相关作品
  • 出版社相关作品

书目信息

  • 表格格式
  • 工作单格式
  • 卡片格式
题名:
奥数思维训练
    
 
作者: 林晓 丛书主编
分册:   三年级
出版信息: 武汉   湖北教育出版社  2016.08
页数: 206页
开本: 26cm
丛书名:
单 册:
中图分类: G624.503
科图分类:
主题词: 小学数学课--教学参考资料
电子资源:
ISBN: 978-7-5564-1121-4
000 00864nam0 2200229 450
001 0103152649
005 20201103152730.0
010    @a978-7-5564-1121-4@dCNY38.00
100    @a20170215e20192016cemy0chiy50 ea
101 0  @achi
102    @aCN@b420000
105    @aa z 000yy
106    @ar
200 1  @a奥数思维训练@Aao shu si wei xun lian@i三年级@f林晓主编
210    @a武汉@c湖北教育出版社@d2016.08@h2019.07
215    @a206页@c图@d26cm
330    @a本丛书根据新课标,在覆盖课本知识的同时,对其重难点进行拓展和延伸,并有机渗透各种数学思想和思维方法,再通过剖析竞赛真题,将课本知识进行内联和外延,迁移和重组,使数学竞赛不再遥不可及,从而构建起从学校教材到数学竞赛的一体化学习。
606 0  @a小学数学课@j教学参考资料
690    @aG624.503@v5
701  0 @a林晓@Alin xiao@4丛书主编
801  0 @aCN@bBJSZM@c20201103
905    @b1256196-200@dG624.503@e1040@f5
    
    奥数思维训练.三年级/林晓主编.-武汉:湖北教育出版社,2016.08(2019.07)
    206页:图;26cm
    
    
    ISBN 978-7-5564-1121-4:CNY38.00
    本丛书根据新课标,在覆盖课本知识的同时,对其重难点进行拓展和延伸,并有机渗透各种数学思想和思维方法,再通过剖析竞赛真题,将课本知识进行内联和外延,迁移和重组,使数学竞赛不再遥不可及,从而构建起从学校教材到数学竞赛的一体化学习。
●
相关链接 在E读中查询图书 在五车中查询图书 在当当中查询图书 在豆瓣中查询图书


正题名:奥数思维训练     索取号:G624.503/1040         预约/预借

序号 登录号 条形码 馆藏地/架位号 状态 备注
1 1256196   212561967   第一样本阅览室/ [索取号:G624.503/1040] 在馆    
2 1256197   212561976   教育系资料室/ [索取号:G624.503/1040] 在馆    
3 1256198   212561985   教育系资料室/ [索取号:G624.503/1040] 在馆    
4 1256199   212561994   第四借阅区/ [索取号:G624.503/1040] 在馆    
5 1256200   212562001   第四借阅区/ [索取号:G624.503/1040] 在馆    
唐山师范学院图书馆 欢迎您!
大连网信软件有限公司© 版权所有